000 01050nam a2200229Ia 4500
003 IN-BaIIA
008 211028s9999 xx 000 0 eng d
020 _a3-540-19125-9
040 _cIIA Library
080 _a524-48(082.2)
_bHIG
111 _aWorkshop of Max-Planck-Gesellschaft and the Academic Sinica on High Energy Astrophysics, Supernovae, Remnants, Active Galaxies, Cosmology
_cTegernsee, Germany
_d1987 July 12-17
_916243
245 0 _aHigh energy astrophysics
_bproceedings of second workshop of Max-Planck-Gesellschaft and the Academic Sinica on high energy astrophysics, supernovae, remnants, active galaxies, cosmology, held in Tegernsee, Germany, July 12-17,1987
_cedited by G.Borner
260 _aBerlin
_bSpringer-Verlag
_c1988
300 _aix, 281p.
650 _aAstronomy and astrophysics thesaurus
650 _aGalaxies
_91286
650 _aHigh energy astrophysics
_95354
650 _aRemnants
_915854
650 _aSupernovae
700 _aBorner, G., ed.
_916244
942 _cBK
999 _c9630
_d9630